Cliquez sur les pays d'Océanie dans l'ordre alphabétique sur une carte - Statistiques

Statistiques générales
  • Ce quiz a été pris 126 fois
  • Le résultat moyen est 6 sur 14
Réponses sur la Carte
Les réponses sont colorées sur une échelle allant du rouge au vert en fonction du pourcentage des utilisateurs qui les ont devinées à leur premier essai. Vous pouvez retrouver ces pourcentages ci-dessous.
 
Statistiques - réponses
Réponse % Correct
1 : A...
97%
5 : K...
60%
3 : F...
53%
14 : V...
52%
7 : N...
50%
9 : P...
47%
2 : E...
45%
6 : N...
43%
4 : I...
40%
10 : S...
38%
13 : T...
33%
8 : P...
32%
12 : T...
30%
11 : S...
28%
Aucun quiz correspondant
Distribution des résultats
% des personnes avec chaque résultat
Percentile par nombre de réponses
Votre historique - résultats
Vous n’avez pas pris ce quiz